MARC

LEADER 00000nam0a2200000 4500
001 362760
005 20231102011524.0
035 |a (RuTPU)RU\TPU\retro\20106 
090 |a 362760 
100 |a 20210825d1965 m y0rusy50 ca 
101 0 |a rus 
102 |a RU 
105 |a a z 001zy 
200 1 |a Адмиралтейство  |f В. Н. Сашонко 
210 |a Ленинград  |c Лениздат  |d 1965 
215 |a 92 с.  |c ил. 
225 1 |a Достопримечательности Ленинграда 
320 |a Библиогр.: с. 88-90 
606 1 |a Адмиралтейство  |2 stltpush  |3 (RuTPU)RU\TPU\subj\1537  |9 30305 
610 1 |a Ленинград 
610 1 |a достопримечательности 
610 1 |a история 
610 1 |a архитектура 
610 1 |a проект 
610 1 |a реконструкция 
675 |a 725.17  |v 4 
700 1 |a Сашонко  |b В. Н.  |g Владимир Николаевич 
801 1 |a RU  |b 63413507  |c 20210825 
942 |c BK